| 000 | 00894nam0a22002531 4500 | ||
|---|---|---|---|
| 001 | rc\723495 | ||
| 005 | 20031121172948.4 | ||
| 010 |
_a5-7609-0096-Х _9300 |
||
| 035 | _a(NLR Aleph) 005966753 | ||
| 090 |
_a6901466 _c6901466 |
||
| 100 | _a20031121d1996 u |0rusy50 ca | ||
| 101 | 0 | _arus | |
| 102 | _aRU | ||
| 105 | _aa ||||||||| | ||
| 200 | 1 |
_aРешение сюжетных задач в 5-6 классах _eУчеб. пособие _fР.Г. Зияитдинов _gМ-во общ. и проф. образования Рос. Федерации, Твер. гос. ун-т |
|
| 210 |
_aТверь _cТвер. гос. ун-т _d1996 (вып. дан. 1997) |
||
| 215 |
_a68 с. _cил. _d20 |
||
| 320 | _aБиблиогр.: с. 67-68 | ||
| 700 | 1 |
_aЗияитдинов _bР. Г. |
|
| 801 | 0 |
_aRU _bNLR _gpsbo |
|
| 801 | 1 |
_aRU _bELAR _2rusmarc |
|
| 852 |
_aNLR _j98-4/384 |
||
| 942 | _cBOOK | ||
| 980 | _aNB | ||